000 004950000a22001690004500
003 MACL
005 20160225141719.0
008 160225b xxu||||| |||| 00| 0 eng d
040 _aMACL
_cMACL
041 _aHindi
082 _a780
100 _aप्रो ललितकिशोर सिंह
_940392
245 _aध्‍वनि और संगीत
260 _bभारतीय ज्ञानपीठ
_aकाशी
650 _aMusic
_940393
942 _cHIN
_k780
_2ddc
999 _c23688
_d23688